• 首页
  • 本馆介绍
  • 公告通知
  • 最新文献
  • 馆藏检索
  • 电子资源
  • 读者导购
  • 参考咨询
  • 我的图书馆
  • 登录
  • 详细信息显示
  • 放入我的书架
  • 预约/预借图书
  • 作者相关作品
  • 分类相关作品
  • 丛书相关作品
  • 出版社相关作品

书目信息

  • 表格格式
  • 工作单格式
  • 卡片格式
题名:
植物蛋白金属离子螯合肽及其特性
    
 
作者: 李丹 , 王长远 著
分册:  
出版信息: 北京   中国纺织出版社有限公司  2021.4
页数: 224页
开本: 24cm
丛书名:
单 册:
中图分类: Q946.1
科图分类:
主题词: 植物蛋白--研究
电子资源:
ISBN: 978-7-5180-8435-7
000 00936nam0 2200241 45
001 012001001697
005 20140904160817.0
010    @a978-7-5180-8435-7@dCNY68.00
100    @a20210621d2021 em y0chiy50 ea
101 0  @achi
102    @aCN@b110000
105    @aa z 000yy
106    @ar
200 1  @a植物蛋白金属离子螯合肽及其特性@Azhi wu dan bai jin shu li zi ao he tai ji qi te xing@b专著@f李丹,王长远著
210    @a北京@c中国纺织出版社有限公司@d2021.4
215    @a224页@c图@d24cm
330    @a本书以大米蛋白和玉米醇溶蛋白为基础,进行了大米蛋白、玉米醇溶蛋白在金属离子螯合肽制备、分离、表征及功能特性测定的相关研究,为植物蛋白金属离子螯合物的应用提供了参考,并为营养保健食品行业的发展提供了一种新思路。
606 0  @a植物蛋白@x研究
690    @aQ946.1@v5
701  0 @a李丹@Ali dan@c(生物学)@4著
701  0 @a王长远@Awang chang yuan@f(1976~)@4著
801  0 @aCN@bBJSDL@c20211011
905    @b1336862-5@dQ946.1@e501@f4
    
    植物蛋白金属离子螯合肽及其特性/李丹,王长远著.-北京:中国纺织出版社有限公司,2021.4
    224页:图;24cm
    
    
    ISBN 978-7-5180-8435-7:CNY68.00
    本书以大米蛋白和玉米醇溶蛋白为基础,进行了大米蛋白、玉米醇溶蛋白在金属离子螯合肽制备、分离、表征及功能特性测定的相关研究,为植物蛋白金属离子螯合物的应用提供了参考,并为营养保健食品行业的发展提供了一种新思路。
●
相关链接 在E读中查询图书 在五车中查询图书 在当当中查询图书 在豆瓣中查询图书


正题名:植物蛋白金属离子螯合肽及其特性     索取号:Q946.1/501         预约/预借

序号 登录号 条形码 馆藏地/架位号 状态 备注
1 1336862   213368620   第二样本阅览室/ [索取号:Q946.1/501] 在馆    
2 1336863   213368639   第三借阅区/ [索取号:Q946.1/501] 在馆    
3 1336864   213368648   第三借阅区/ [索取号:Q946.1/501] 在馆    
4 1336865   213368657   第三借阅区/ [索取号:Q946.1/501] 在馆    
唐山师范学院图书馆 欢迎您!
大连网信软件有限公司© 版权所有